Statistics for Justin Bieber Name The Song

Click here to take the quiz!

General Stats

  • This quiz has been taken 762 times
  • The average score is 5 of 14

Answer Stats

Hint Answer % Correct
I know you love me, I know you care, just shout whenever and i'll be thereBaby
98%
I can be your gentleman, anything you wantBoyfriend
91%
But i gotta keep an eye out for SelenaBeauty And A Beat
58%
I always knew you were the best, The coolest girl i knowFavourite Girl
38%
When you broke down i didnt leave youWhere are u now
38%
Let me tell you what you're missin', ParadiseEenie Meenie
38%
Whenever you're not in my presence It feels like I'm missing my blessingsAll That Matters
23%
I hear melodies when you're heart beatsFa La La
16%
Girl I never believed in, love until I had yoursHome to mama
14%
Let you know that you're always welcome so that you never leaveI Would
13%
There's a me no one knows, waiting to be set freeBorn To Be Somebody
13%
Don't wanna share with no one else, want me to herselfShe Don't Like The Lights
12%
Lonely overseas, Lonely memories, Wish i had the key to your heartRoller Coaster
12%
Dear princess, dear darling, I promise i will be your prince charmingFairytale
10%

Score Distribution

Percentile by Number Answered

Percent of People with Each Score

Your Score History

You have not taken this quiz